logo

Bir Sreshtho Munshi Abdur Rouf Library
Jhenaidah Cadet College

Military Classics / (Record no. 4721)

MARC details
000 -LEADER
fixed length control field 00632nam a2200229 a 4500
001 - CONTROL NUMBER
JCCL Control Number 4721
003 - CONTROL NUMBER IDENTIFIER
JCCL marc code BD-JhCC
005 - DATE AND TIME OF LATEST TRANSACTION
control field 20220817134023.0
008 - FIXED-LENGTH DATA ELEMENTS--GENERAL INFORMATION
fixed length control field 171130s1966 xxu |||| ||a| 001 0 eng d
035 ## - SYSTEM CONTROL NUMBER
system control number (BD-JhCC)4721
040 ## - CATALOGING SOURCE
Original cataloging agency BD-JhCC
Modifying agency BD-JhCC
041 ## - LANGUAGE CODE
Language code of Book eng
082 ## - DEWEY DECIMAL CLASSIFICATION NUMBER
Classification number 355.48
Author mark and Year BUR 1966
100 ## - MAIN ENTRY--PERSONAL NAME
Personal name Burne , Lt Colonel Alfred H
245 ## - TITLE STATEMENT
Title Military Classics /
Statement of responsibility, etc Lt Colonel Alfred H . Burne
260 ## - PUBLICATION, DISTRIBUTION, ETC. (IMPRINT)
Place of publication, distribution, etc Harrisburg
Name of publisher, distributor, etc Military public Service Publishing Company
Date of publication, distribution, etc 1966
300 ## - PHYSICAL DESCRIPTION
Pagination 188 p. :
Dimensions 21 cm.
650 ## - SUBJECT ADDED ENTRY--TOPICAL TERM
Topical term or geographic name as entry element Military History
650 ## - SUBJECT ADDED ENTRY--TOPICAL TERM
Topical term or geographic name as entry element Militray Art & Science
942 ## - ADDED ENTRY ELEMENTS (KOHA)
Source of classification or shelving scheme Dewey Decimal Classification
Koha item type Books
Koha issues (borrowed), all copies 1
Holdings
Source of classification or shelving scheme Damaged status Not for loan Home library Current library Shelving location Date of accession Total Checkouts Full call number Barcode Date last seen Copy number Koha item type Date checked out
Dewey Decimal Classification     JCC Rouf Library JCC Rouf Library General Stacks 11/30/2017   355.48 BUR 1966 6749 11/30/2017 C-1 Books  
Dewey Decimal Classification     JCC Rouf Library JCC Rouf Library General Stacks 11/30/2017 1 355.48 BUR 1966 6757 08/23/2022 C-2 Books 08/16/2022
Dewey Decimal Classification     JCC Rouf Library JCC Rouf Library General Stacks 11/30/2017   355.48 BUR 1966 6742 11/30/2017 C-3 Books  

JCC Library | Contacts | JCC Home

Last Update on 23 September 2017
Copyright @ 2017-2020 JCC Rouf Library
Rouf Library, Jhenidah Cadet College (JCC), Bangladesh